Embracing the Fog of War (Record no. 351994)
[ view plain ]
| 000 -LEADER | |
|---|---|
| fixed length control field | 00556nam a2200133Ia 4500 |
| 008 - FIXED-LENGTH DATA ELEMENTS--GENERAL INFORMATION | |
| fixed length control field | 171212s9999 xx 000 0 und d |
| 020 ## - INTERNATIONAL STANDARD BOOK NUMBER | |
| International Standard Book Number | 9780833058157 |
| 100 ## - MAIN ENTRY--PERSONAL NAME | |
| Personal name | Connable, Ben |
| 245 ## - TITLE STATEMENT | |
| Statement of responsibility, etc | Connable, Ben |
| Title | Embracing the Fog of War |
| Remainder of title | Assessment and Metrics in Counterinsurgency |
| 260 ## - PUBLICATION, DISTRIBUTION, ETC. (IMPRINT) | |
| Name of publisher, distributor, etc | RAND Corporation |
| Date of publication, distribution, etc | 2012 |
| 650 ## - SUBJECT ADDED ENTRY--TOPICAL TERM | |
| Topical term or geographic name as entry element | Counterinsurgency -- United States -- Evaluation; Counterinsurgency -- Afghanistan -- Evaluation; Counterinsurgency -- Vietnam -- Evaluation |
| 650 ## - SUBJECT ADDED ENTRY--TOPICAL TERM | |
| Topical term or geographic name as entry element | Political Science |
| 856 ## - ELECTRONIC LOCATION AND ACCESS | |
| Uniform Resource Identifier | <a href="www.jstor.org/stable/10.7249/mg1086dod">www.jstor.org/stable/10.7249/mg1086dod</a> |
| Withdrawn status | Lost status | Damaged status | Home library | Current library | Date acquired | Total Checkouts | Full call number | Date last seen | Price effective from | Koha item type |
|---|---|---|---|---|---|---|---|---|---|---|
| College Library | College Library | 12/12/2017 | U241C63 2012 | 12/12/2017 | 12/12/2017 | Curriculum - Based eBooks |